1075 1442 1824 1307 1092 1803 1515 1648 1640 1367 1832 1593 1867 1300 1126 1829 1534 1686 1059 1518 1978 1595 1515 1804 1568 1540 1832 1634 1989 1835 1524 1316 1934 1415 1995 1145 1253 1465 1984 1925 1439 1951 1598 1970 1518 1701 1467 1098 1017 1394 1447 1985 1280 1469 1717 1815 1858 1426 1350 1040 1199 1910 1758 1067 1522 1788 1000 1669 1220 1544 1530 1092 1125 1843 1914 1343 1625 1779 1260 1157 1308 1751 1717 1590 1557 1875 1493 1475 1485 1093 1201 1510 1690 1208 1135 1733 1311 1752 1903 BCNSPRNW ULIB Ver.6.0+V

เปลี่ยนเป็นภาษาไทย

Change to English
 แสดงรายละเอียดบรรณานุกรม
  กลับหน้าหลัก

Brief Record : Get Marc (ISO 2709) : E-mail record : QR code < ปิดหน้าต่าง
LEADER : 00000nam 2200000uu 4500
001    13399122915
003     ULIB
008    131029s2010||||th 000 0 eng d
020    ^a0323072542 (paperback) ^c^57.95
020    ^a9780323072540 (paperback)
060  4 WY150^bS974
100 1  ^aFrances Donovan Monahan
245 10 ^aManual of medical-surgical nursing : ^ba care planning resource, 7e / ^cFrances Donovan Monahan, Marianne Neighbors and Carol Green .
250    ^a7th ed.
260    ^a[S.l.] : ^bMosby, ^c2010.
300    ^a840 p. ; ^c22 cm.
490 1  ^aManual of medical surgical nursing care.
520    ^aKnown for its reliable, clinically focused content, Swearingen''''''''''''''''''''''''''''''''s Manual of Medical-Surgical Nursing provides a quick reference to 125 of the most commonly encountered medical-surgical conditions. Expert authors Fran Monahan, RN, PhD, ANEF, Marianne Neighbors, EdD, RN, and Carol Green, PhD, RN, CNE&^65533;make it easy to find and use the information you need to know to provide optimal patient care. Unique to this manual, outcome criteria include specific and measurable timeframes to help in establishing realistic treatment goals and evaluating the effectiveness of care. For students, it''''''''''''''''''''''''''''''''s an ideal resource for care planning and clinicals; for practitioners, it''''''''''''''''''''''''''''''''s a great clinical reference! More than 125 common medical-surgical conditions are organized by body system for convenient use as a clinical reference. A quick-reference, easy-to-use format includes these headings for each med-surg disorder: Overview/Pathophysiology Assessment Diagnostic Tests Collaborative Management Nursing Diagnoses and Interventions Patient-Family Teaching and Discharge Planning Outcome criteria feature specific and measurable timeframes for each outcome. Patient teaching for each disorder helps you educate patients and their families for self-care and discharge. Clinical notes and cautions stress key points or alerts related to various disorders and conditions. An overview of nursing considerations for the hospitalized patient includes concepts relevant to many disorders, such as perioperative care, pain, prolonged bed rest, psychosocial support, and older adult care. Attractive two-color design highlights key information for fast reference. A durable, water-resistant cover prolongs the life of the book. Thorough updates provide you with the latest evidence-based practice content and clinical developments, including the newest Joint Commission standards, latest screening recommendations, revised treatment guidelines, new drugs, and lab tests. New Burns section covers the care of burns in the medical-surgical setting. New Immunologic Disorders unit discusses transfusion reactions, hypersensitivity, and AIDS. New Cancer Care unit updates and expands coverage of lung cancer, nervous system tumors, GI malignancies, neoplastic diseases of the hematopoietic system, head/neck cancers, breast cancer, and GI cancer. An emphasis on patient safety addresses preventable patient safety issues.
700 1  ^aMarianne Neighbors
700 1  ^a Carol Green
830  0 ^aManual of medical surgical nursing care.
945    ^p57^l0^i034133
999    ^aเกษร โพธิ์สุวรรณ
รายการนี้ยังไม่มีแท็ก
คุณยังไม่ได้ล็อกอิน คุณสามารถมีกิจกรรมร่วมกับเว็บไซต์ได้ แต่ต้องล็อกอินก่อน ::
  ล็อกอิน

รายการสื่อสารสนเทศ

ลำดับที่ ประเภท เลขเรียก/บาร์โค้ด สถานที่ สถานะ
1. Book การพยาบาล
Book การพยาบาล
WY150 S974  
  Barcode: 034133
ห้องสมุดวิทยาเขตสวรรค์ประชารักษ์
►หนังสือทั่วไป
บนชั้น

BibComment


ยังไม่เคยถูกคอมเมนท์

คอมเมนท์ทรัพยากรรายการนี้
  คอมเมนท์: Manual of medica..


 Copyright 2026. Bcnsprnw @Library